| 000 | 00437 a2200157 4500 | ||
|---|---|---|---|
| 003 | NUST | ||
| 005 | 20230302161303.0 | ||
| 040 | _cNust | ||
| 082 | _a808.81,GIL | ||
| 100 |
_aGilani, Noshi _9109728 |
||
| 245 |
_aUdaas hone ke din nahin / اداس ھونے کے دن نہیں ہیں (Urdu) / _cNoshi Gilani |
||
| 260 |
_aLahore _bGilani Publisher _c1998 |
||
| 300 | _a160:p. | ||
| 650 |
_aUrdu Poetry _9751 |
||
| 942 |
_2ddc _cBK _k808.81,GIL |
||
| 999 |
_c187981 _d187981 |
||